| 000 | 00983cam a22002657a 4500 | ||
|---|---|---|---|
| 999 |
_c233348 _d233348 |
||
| 001 | 16626689 | ||
| 003 | Nust | ||
| 005 | 20170307104134.0 | ||
| 008 | 110127s2011 enkadf b 000 0 eng d | ||
| 010 | _a 2010537526 | ||
| 020 | _a9781904455752 | ||
| 035 | _a(OCoLC)ocn644654169 | ||
| 040 | _cASAB | ||
| 042 | _alccopycat | ||
| 050 | 0 | 0 |
_aQR351 _b.R424 2011 |
| 082 | 0 | 4 |
_a572.82928 _222 |
| 245 | 0 | 0 |
_aRecent advances in plant virology / _cedited by Carole Caranta ... [et al.]. |
| 260 |
_aNorfolk, UK : _bCaister Academic Press, _cc2011. |
||
| 300 |
_aix, 412 p., 4 p. of plates : _bill. (some col.) ; _c26 cm. |
||
| 504 | _aIncludes bibliographical references. | ||
| 650 | 0 | _aPlant molecular virology. | |
| 650 | 0 | _aPhytopathogenic microorganisms. | |
| 700 | 1 | _aCaranta, Carole. | |
| 906 |
_a7 _bcbc _ccopycat _d2 _encip _f20 _gy-gencatlg |
||
| 942 |
_2ddc _cBK |
||